Europäische Sprachen erkennen - Statistiken

Allgemein
  • Dieses Quiz wurde 702 mal gespielt
  • Das Durchschnittsergebnis liegt bei 12 aus 15
Antwortstatistiken
Satz Sprache % Korrekt
Danke, auch gut. Deutsch
99%
Привет, как дела? Russisch
98%
I‘m 32 years old. Englisch
97%
Muchas gracias. ¿Tú también vienes? Spanisch
97%
Tu as quel âge? Französisch
89%
Idę na plażę. Polnisch
88%
На жаль, я сьогодні зайнятий. Ukrainisch
87%
İyiyim, sen nasılsın? Türkisch
86%
Εγώ είμαι από την Ελλάδα. Griechisch
85%
Di dove sei? Italienisch
85%
Imam 25 godina. Ti? Bosnisch/Kroatisch/Serbisch
80%
Jó szórakozást! Ungarisch
72%
Аз съм от България, ти? Bulgarisch
68%
Unde mergi acum? Rumänisch
68%
Ļoti slikti, tad nākamreiz! Lettisch
49%
Keine übereinstimmenden Quizze gefunden
Verteilung der Resultate
Anzahl Personen mit jedem Resultat
Perzentil nach korrekt beantworteten Fragen
Ihre Resultats-Entwicklung
Sie haben dieses Quiz noch nicht gespielt